Statistics for Israel First Level Subdivisions

Click here to take the quiz!

General Stats

  • This quiz has been taken 112 times
  • The average score is 4 of 6

Answer Stats

Mehozot% Correct
Jerusalem
99%
Tel Aviv
92%
Haifa
79%
Northern
55%
Southern
55%
Central
51%

Score Distribution

Percentile by Number Answered

Percent of People with Each Score

Your Score History

You have not taken this quiz